01638nam a2200457 i 450000100060000000300090000600500170001500800390003201500170007103500230008803500360011103500140014703500210016103500230018203500440020504000340024904600090028308000190029208000150031108000090032624501530033526001280048830000260061633600270064233700540066933800280072338000160075138000280076738800140079538800140080950400280082365000210085165100110087265500310088365800160091470000360093070000340096670000380100070000440103885600980108230217KOSZ 00520210301135848.0970510s1992 pl |000 0cpol aUWD 1993/975 a991000823159705066 a(PL-WaBN)b10257950-48omnis_nlop ab10257950 a(OCoLC)834052536 a(PL)b0000001025795 a(EXLNZ-48OMNIS_NETWORK)9910462558405606 aWA NcWA NdKR UdKOSZ 005/HR k1992 a929:159.9(438) a159.9(091) a(03)00aSłownik psychologów polskich /cpod red. Elwiry Kosnarewicz, Teresy Rzepy, Ryszarda Stachowskiego ; aut. haseł Błońska Władysława [et al.]. aPoznań :bZakład Historii Myśli Psychologicznej. Instytut Psychologii UAM [Uniwersytetu im. Adama Mickiewicza],c1992. a235, [1] s. ;c24 cm. aTekstbtxt2rdacontent aBez urządzenia pośredniczącegobn2rdamedia aWoluminbnc2rdacarrier aKsiążki aPublikacje informacyjne a1901-2000 a1989-2000 aBibliogr. s. 232-[236]. 7aPsycholodzy2DBN 7aPolska 7aSłownik biograficzny2DBN aPsychologia1 aBłońska, WładysławaeAutor1 aKosnarewicz, ElwiraeRedakcja1 aRzepa, Teresad(1952- )eRedakcja1 aStachowski, Ryszardd(1937- )eRedakcja uhttp://koha.tu.koszalin.pl/cgi-bin/koha/opac-detail.pl?biblionumber=30217yKatalog online BPK